000 00369 a2200169 4500
001 188708
020 _a85-356-1312-9
040 _cMagnum
100 _aArns, Paulo Evaristo
240 1 0 _aConversa com são francisco
_lpor
245 1 0 _aConversa com são francisco
300 _a99
362 0 _a2004
440 1 _aPaulinas
697 _aRELIGIÃO
942 _cBK
999 _c188708
_d188708